| 000 | 00948nac a22003017a 4500 | ||
|---|---|---|---|
| 001 | BR7807520 | ||
| 003 | BR-BrBNA | ||
| 005 | 20240105114342.0 | ||
| 008 | 230509b bl.|||m| |||| 00| 0 por d | ||
| 040 |
_aBR-BrBNA _bpor _cBiblioteca Nacional de Agricultura |
||
| 072 | _aP05 | ||
| 090 | _aP05 BR7807520 | ||
| 110 | 1 |
_aCompanhia Paranaense de Energia Eletrica, Curitiba, PR (Brasil) _92483 |
|
| 245 | 1 | _aInforme estatistico anual, 1977 [Companhia Paranaense de Energia Eletrica, Brasil] | |
| 260 | 3 |
_aCuritiba, PR (Brasil): _c1978. |
|
| 300 | _a120 p. | ||
| 490 |
_aInforme Estatistico Anual - Companhia Paranaense de Energia Eletrica (Brazil) _v _x |
||
| 500 | _aNumerical data | ||
| 650 | _aENERGIA ELETRICA | ||
| 650 | _aPRODUCAO | ||
| 650 | _aCONSUMO | ||
| 650 | _aMERCADO | ||
| 650 | _aINVESTIMENTO | ||
| 650 | _aESTATISTICA | ||
| 650 | _aPARANA | ||
| 909 |
_a202312 _bLúcia Elande _c55 _dLúcia Elande |
||
| 942 |
_2AGRIS _n0 _cMS |
||
| 999 |
_c268838 _d268838 |
||